Mountains... or Beaches? - Statistics

General Stats
  • This quiz has been taken 68 times
  • The average score is 18 of 20
Answer Stats
Question Answer % Correct
Santa Monica Beach
98%
Byron Bay Beach
97%
Mont Blanc Mountain
97%
Kilimanjaro Mountain
97%
Malibu Beach
95%
Copacabana Beach
95%
Fuji Mountain
95%
Everest Mountain
95%
K2 Mountain
95%
Cancun Beach
92%
Matterhorn Mountain
92%
Denali Mountain
91%
Elbrus Mountain
91%
Ipanema Beach
88%
Waikiki Beach
86%
Rainier Mountain
85%
Bondi Beach
83%
Tulum Beach
80%
Annapurna Mountain
63%
Negril Beach
51%
No matching quizzes found
Score Distribution
Percent of People with Each Score
Percentile by Number Answered
Your Score History
You have not taken this quiz